000
00296nam a22001337a 4500
008
170424b xxu||||| |||| 00| 0 eng d
020
_a
133414124
041
_a
eng
080
_a
547
100
_a
12
101
_a
SHM
245
_a
FUNDAMENTAL ORGANIC CHEMISTRY
_c
FINLEY, K.T
942
_2
udc
_c
BK
999
_c
11618
_d
11618